000 00490nmm a2200145Ia 4500
008 251105s9999||||xx |||||||||||||||||und||
041 _aspa
100 _aVergara Díaz, Miguel Antonio
245 0 _aLa primera dama y Limerencia. Novelas cortas
264 _a[Madrid, España] :
_bMedinaliber Hispánica,
_c[Fecha de publicación no identificada]
300 _a0 páginas
650 _aGraphic novels (Comics)
856 _uhttps://public.digitaliapublishing.com/a/120029
942 _cCF
999 _c101289
_d101289